| 000 | 00580nam a2200205Ia 4500 | ||
|---|---|---|---|
| 003 | OSt | ||
| 005 | 20260423154353.0 | ||
| 008 | 211109s9999||||xx |||||||||||||| ||und|| | ||
| 040 | _cSBCL | ||
| 082 |
_a894.81201 _bRAJ-S |
||
| 100 | _aRajarajavarmaraja, Vadkamkoor | ||
| 245 | 0 | _aSahithyasarvasam | |
| 260 |
_bKamalalaya Book Depot _aThiruvananthapuram _c1954 |
||
| 300 | _a510p. | ||
| 630 | _xLiterature (Belles-lettres) and rhetoric | ||
| 650 | _aLiteratures of other languages | ||
| 650 | _aAltaic, Uralic, Hyperborean & Dravidian | ||
| 650 | _xMalayalam | ||
| 942 | _cBOOK | ||
| 999 |
_c20624 _d20624 |
||